000 00987cam a2200217 4500
001 ABS63398
008 000000n2001 000 0 eng u
035 _a(Sirsi) u110714
100 _aEade, C.
245 _aSpecial report: call centres and serviced offices
260 _c2001
490 _aProperty Week
_v66(3) 19 January 2001, 44-52(6)
520 _aA special feature on the market for call centres and serviced office accommodation. Articles include: 'Starting blocks', profiling some of the businesses that chose to operate from serviced offices; 'Ready and cable', examining how the provision of adequate IT infrastructure can determine the success of serviced offices; and 'Lines of speculation', considering the recent speculative development of call centres.
590 _aABS
650 _aCALL CENTRES
650 _aIT INFRASTRUCTURE
650 _aSERVICED OFFICES
650 _aSPECULATIVE DEVELOPMENTS
690 _aPROPERTY-COMMERCIAL PROPERTY
942 _n0
999 _c65982
_d65982